000 01081nam a2200301Ia 4500
003 OSt
005 20221007124916.0
006 a|||||r|||| 00| 0
007 ta
008 221006b |||||||| |||| 00| 0 eng d
020 _a9781849736268 (hbk)
024 _a199158
037 _b1776, 12/03/2018, Indica Publishers & Distributors Pvt. Ltd.
_cTextual
040 _aCDL
_cCDL
_beng
041 _2eng
_aeng
082 _aE283, Q3 Carc
100 _aHayes Wayne Ed.
_9720946
245 0 _aHealable polymer systems
_b Greenland Barnaby W Ed.
260 _aCambridge
_bRoyal Society of Chemistry
_c2013
300 _aix, 156p. ill.
_ccm.
490 _aRSC polymer chemistry series
500 _aSubject index 149-156p.; Included references.
650 _a Supermolecular polymers materials
_9720947
650 _aChemistry
700 _a Greenland Barnaby W Ed.
_9720948
942 _hE283, Q3 Carc
_cTEXL
_2CC
999 _c1214359
_d1214359